Central Library OPAC University of Rajshahi

Cases and materials on equity / (Record no. 61598)

MARC details
000 -LEADER
fixed length control field 00645nam a2200229 a 4500
001 - CONTROL NUMBER
control field 61598
003 - CONTROL NUMBER IDENTIFIER
rucl marc code BD-RjUL
005 - DATE AND TIME OF LATEST TRANSACTION
control field 20211209081000.0
008 - FIXED-LENGTH DATA ELEMENTS--GENERAL INFORMATION
fixed length control field 170119s1946 vau 001 0 eng d
035 ## - SYSTEM CONTROL NUMBER
System control number (BD-RjUL)61722
040 ## - CATALOGING SOURCE
Original cataloging agency DLC
Transcribing agency OClU
Modifying agency BD-RjUL
Language of cataloging eng
041 ## - LANGUAGE CODE
Language code of text/sound track or separate title eng
082 ## - DEWEY DECIMAL CLASSIFICATION NUMBER
Edition number 23
Classification number 346.004
Author mark and year GLC 1946
100 1# - MAIN ENTRY--PERSONAL NAME
Personal name Glenn, Garrard
9 (RLIN) 183520
245 00 - TITLE STATEMENT
Title Cases and materials on equity /
Statement of responsibility, etc. by Garrard Glenn, Kenneth Redden
260 ## - PUBLICATION, DISTRIBUTION, ETC. (IMPRINT)
Place of publication, distribution, etc. Virginia :
Name of publisher, distributor, etc. The Michie Company,
Date of publication, distribution, etc. 1946.
300 ## - PHYSICAL DESCRIPTION
Pagination ix, 905 p. ;
Size 24 cm.
500 ## - GENERAL NOTE
General note Includes index.
650 #0 - SUBJECT ADDED ENTRY--TOPICAL TERM
Topical term or geographic name as entry element Equity
9 (RLIN) 183521
700 1# - ADDED ENTRY--PERSONAL NAME
Personal name Redden, Kenneth
942 ## - ADDED ENTRY ELEMENTS (KOHA)
Source of classification or shelving scheme Dewey Decimal Classification
Koha item type Books
Holdings
Lost status Source of classification or shelving scheme Damaged status Not for loan Collection code Permanent Location Current Location Shelving location Date acquired Source of acquisition Total Checkouts Full call number Date last seen Copy number Koha item type
  Dewey Decimal Classification   Not For Loan Non-fiction Central Library, University of Rajshahi Central Library, University of Rajshahi Reading Room 01/11/1958 Asia foundation   346.004 GLC 1946 19/01/2017 C-1 Books